Hermes' first steps toward green balance (Record no. 76537)

MARC details
000 -LEADER
fixed length control field 00861cab a2200193 4500
001 - CONTROL NUMBER
control field ##L132632
008 - FIXED-LENGTH DATA ELEMENTS--GENERAL INFORMATION
fixed length control field 060223n2006 000 0 eng u
035 ## - SYSTEM CONTROL NUMBER
System control number (Sirsi) u132632
041 0# - LANGUAGE CODE
Language code of text/sound track or separate title eng
100 1# - MAIN ENTRY--PERSONAL NAME
Personal name Clarke, Rupert
245 00 - TITLE STATEMENT
Title Hermes' first steps toward green balance
260 ## - PUBLICATION, DISTRIBUTION, ETC.
Date of publication, distribution, etc. 2006
490 #0 - SERIES STATEMENT
Series statement Estates Gazette
Volume/sequential designation (0607) 18 February 2006, 58-60(3)
520 ## - SUMMARY, ETC.
Summary, etc. Looks at the concept of responsible property investment (RPI) as proposed by the author, Hermes' chief executive, and as exemplified in the Hermes document "RPI: responsible property investment - defining the challenge". Describes how Hermes measures up to the RPI principles. The RPI document is appended.
590 ## - LOCAL NOTE (RLIN)
Local note IKA280206
650 24 - SUBJECT ADDED ENTRY--TOPICAL TERM
Topical term or geographic name entry element RESPONSIBLE PROPERTY INVESTMENT
690 ## - LOCAL SUBJECT ADDED ENTRY--TOPICAL TERM (OCLC, RLIN)
Topical term or geographic name as entry element PROPERTY-PROPERTY FINANCE AND INVESTMENT-PROPERTY INVESTMENT MANAGEMENT
942 ## - ADDED ENTRY ELEMENTS (KOHA)
Suppress in OPAC 0
Holdings
Withdrawn status Lost status Source of classification or shelving scheme Damaged status Not for loan Home library Current library Shelving location Date acquired Total Checkouts Full call number Barcode Date last seen Copy number Price effective from Koha item type
    Dewey Decimal Classification     London London Journal article 23/02/2006   L132632 132632-1001 06/08/2019 1 06/08/2019 Journal article